Science Quiz

Random Science or Astronomy Quiz

Choose Your Planet Quiz Stats

Quiz Updated Sep 12, 2014

Challenge
Share
Tweet
Embed
Score 0/24 Timer 06:00
4 Plays Today
Description Planet % Correct
This planet contains the Great Red Spot, a persistent anticyclonic storm located 22° south of the equator???
85.6%
This planet's rings are the most massive???
77.1%
This planet has a mass two and a half times the mass of all the other planets in the Solar System combined???
73.1%
This planet has only two moons???
72.5%
This planet is currently host to five functioning spacecraft: two on the surface and three in orbit???
67.8%
This planet's surface cannot be seen in visible light due to reflective clouds of sulfuric acid enveloping the planet???
65.9%
This planet moves across the sky faster than any other planet, like its eponymous swift-footed messenger???
65.5%
This planet has been the farthest planet from the sun since 2006???
60.7%
This planet is home of Olympus Mons, the largest mountain of the Solar System's planets???
60.3%
This planet was thought by many ancient cultures to be flat???
58.7%
This planet was found by mathematical prediction, rather than empirical observation???
57.9%
This planet is known as Earth's 'sister planet' due to similar size and gravity???
51.3%
Description Planet % Correct
This planet has an axis of rotation approximately parallel to the plane of the Solar System???
42.2%
This planet is named after the Roman god of agriculture???
38.3%
This planet was originally named 'Georgium Sidus' by its discoverer, William Herschel, after King George III???
35.9%
This planet's largest moon is the only one of the Solar System's moons to retain a substantial atmosphere???
32.5%
This planet is the densest???
29.7%
This planet's name is derived from a figure from Greek mythology???
26%
This planet's astronomical symbol consists of a cross circumscribed by a circle???
23.6%
This planet has the fastest wind speeds, nearing supersonic flow???
15.6%
This planet completes a rotation on its axis fastest, in less than ten hours???
14.6%
This planet's orbit is nearest to circular, with an eccentricity less than 0.01???
13.6%
This planet has the most eccentric orbit, varying its distance to the sun by 14 million miles???
13.5%
This planet was analyzed by NASA's MESSENGER, which discovered water in the form of ice inside craters near the north pole???
11.1%

You're not logged in!

Compare scores with friends on all Sporcle quizzes.
Join for Free
OR
Log In

You Might Also Like...

Show Comments

Extras

Top Quizzes Today


Score Distribution

Your Account Isn't Verified!

In order to create a playlist on Sporcle, you need to verify the email address you used during registration. Go to your Sporcle Settings to finish the process.

Report this User

Report this user for behavior that violates our Community Guidelines.

Details: